[Event "Toronto Excelsior op"]
[Site "Toronto"]
[Date "2023.04.23"]
[Round "4"]
[White "Moses, Neil"]
[Black "Oancea, Nicolae"]
[Result "0-1"]
[WhiteElo "1624"]
[BlackElo "1722"]
[PlyCount "168"]
[EventDate "2023.04.21"]
[EventType "swiss"]
[EventRounds "5"]
[EventCountry "CAN"]
[SourceTitle "CBM 213 Extra"]
[Source "ChessBase"]
[SourceDate "2023.05.31"]
[SourceVersion "1"]
[SourceVersionDate "2023.05.31"]
[SourceQuality "1"]

1. Nf3 d5 2. c4 Nf6 3. b3 d4 4. e3 c5 5. exd4 cxd4 6. Ba3 Nc6 7. d3 e5 8. Bxf8 Kxf8 9. Nbd2 g6 10. a3 a5 11. g3 Kg7 12. Bg2 Bf5 13. Qc2 Bxd3 14. Qxd3 e4 15. Nxe4 Nxe4 16. 0-0 Nc5 17. Qc2 Qf6 18. Rab1 Rhe8 19. Rfe1 Rxe1+ 20. Nxe1 a4 21. b4 Nb3 22. Rd1 Rd8 23. Nd3 Rd7 24. Nb2 d3 25. Nxd3 Ncd4 26. Qb2 Kg8 27. Re1 Re7 28. Rxe7 Qxe7 29. Kf1 Qe6 30. Bd5 Qh3+ 31. Kg1 Qf5 32. Nf4 b5 33. Ne2 bxc4 34. Bxc4 Nf3+ 35. Kg2 Nbd2 36. Qc3 Qe4 37. Bxf7+ Kxf7 38. Qc7+ Kg8 39. Qb8+ Kg7 40. Qc7+ Kh6 41. Qf4+ Ng5+ 42. Qxe4 Ngxe4 43. f3 Nd6 44. Nc3 N2c4 45. Nxa4 Nxa3 46. Nc3 Nab5 47. Nd5 Kg5 48. f4+ Kf5 49. Kf2 Ke6 50. Ne3 Nd4 51. Ng4 Nc6 52. Kf3 Nxb4 53. Ne5 Nf7 54. Nc4 Nd5 55. g4 Nd6 56. Ne5 g5 57. Nd3 gxf4 58. Nxf4+ Nxf4 59. Kxf4 Kf6 60. h4 Ne8 61. Ke4 Ng7 62. Kf4 Ne6+ 63. Ke4 Nf8 64. Kf4 Ng6+ 65. Kg3 Ke5 66. h5 Nf8 67. Kh4 Kf4 68. h6 Ne6 69. Kh5 Ng5 70. Kh4 Nf3+ 71. Kh5 Ne5 72. g5 Kf5 73. g6 hxg6+ 74. Kh4 g5+ 75. Kh5 g4 76. Kh4 Kg6 77. Kg3 Kxh6 78. Kf4 Kh5 79. Kg3 Kg5 80. Kg2 Kf4 81. Kf2 Ng6 82. Kg2 Nh4+ 83. Kg1 Kg3 84. Kh1 Kf2 0-1

[Event "Toronto Excelsior op"]
[Site "Toronto"]
[Date "2023.04.23"]
[Round "5"]
[White "Oancea, Nicolae"]
[Black "Lu, Tony"]
[Result "1-0"]
[WhiteElo "1722"]
[BlackElo "1660"]
[PlyCount "59"]
[EventDate "2023.04.21"]
[EventType "swiss"]
[EventRounds "5"]
[EventCountry "CAN"]
[SourceTitle "CBM 213 Extra"]
[Source "ChessBase"]
[SourceDate "2023.05.31"]
[SourceVersion "1"]
[SourceVersionDate "2023.05.31"]
[SourceQuality "1"]

1. e4 e6 2. d4 d5 3. Nd2 Nf6 4. e5 Nfd7 5. Bd3 c5 6. c3 Nc6 7. Ne2 cxd4 8. cxd4 f6 9. exf6 Nxf6 10. 0-0 Bd6 11. a3 0-0 12. Nf3 Qc7 13. Ng3 Bd7 14. Re1 e5 15. dxe5 Nxe5 16. Be2 Rad8 17. Bg5 Bc6 18. b4 Nxf3+ 19. Bxf3 Be5 20. Rc1 Qb8 21. Qb3 Bxg3 22. hxg3 Qd6 23. Bf4 Qd7 24. b5 Bxb5 25. Rc7 Bc4 26. Qxb7 Qf5 27. Rxg7+ Kh8 28. Ree7 Bd3 29. Be5 d4 30. g4 1-0

[Event "Toronto Excelsior op"]
[Site "Toronto"]
[Date "2023.04.22"]
[Round "3"]
[White "Oancea, Nicolae"]
[Black "Huh, Isaak"]
[Result "0-1"]
[WhiteElo "1722"]
[BlackElo "1833"]
[PlyCount "50"]
[EventDate "2023.04.21"]
[EventType "swiss"]
[EventRounds "5"]
[EventCountry "CAN"]
[SourceTitle "CBM 213 Extra"]
[Source "ChessBase"]
[SourceDate "2023.05.31"]
[SourceVersion "1"]
[SourceVersionDate "2023.05.31"]
[SourceQuality "1"]

1. e4 e5 2. Nf3 Nc6 3. d4 exd4 4. Nxd4 Bc5 5. Nb3 Bb6 6. Nc3 Nge7 7. Na4 0-0 8. Nxb6 axb6 9. Be2 d6 10. 0-0 f5 11. Nd2 f4 12. b3 Ng6 13. Bb2 Qe7 14. a4 Kh8 15. f3 Be6 16. Qe1 Nce5 17. Qf2 Qg5 18. Kh1 Qh5 19. Nb1 Rf6 20. Nc3 Nh4 21. Nd5 Bxd5 22. exd5 Nf5 23. Kg1 Ne3 24. Rfc1 Rg6 25. Bf1 Nxf3+ 0-1

[Event "CAN-ch"]
[Site "Toronto"]
[Date "2023.04.09"]
[Round "6"]
[White "Chen, Richard1111"]
[Black "Oancea, Nicolae"]
[Result "1/2-1/2"]
[WhiteElo "1834"]
[BlackElo "1722"]
[PlyCount "109"]
[EventDate "2023.04.06"]
[EventType "swiss"]
[EventRounds "9"]
[EventCountry "CAN"]
[SourceTitle "CBM 213 Extra"]
[Source "ChessBase"]
[SourceDate "2023.05.31"]
[SourceVersion "1"]
[SourceVersionDate "2023.05.31"]
[SourceQuality "1"]

1. e4 e6 2. d4 d5 3. Nc3 Nf6 4. Bg5 dxe4 5. Nxe4 Nbd7 6. Nf3 Be7 7. Nxf6+ Nxf6 8. Bd3 0-0 9. 0-0 c5 10. c3 cxd4 11. Nxd4 Nd5 12. Bxe7 Qxe7 13. Qe2 g6 14. Rfe1 Bd7 15. Be4 Qc5 16. Rad1 Rad8 17. Nb3 Qb6 18. Bxd5 exd5 19. Rxd5 Ba4 20. Qd1 Bxb3 21. axb3 Rxd5 22. Qxd5 Rd8 23. Qg5 f6 24. Qf4 Qxb3 25. h3 Rd1 26. Rxd1 Qxd1+ 27. Kh2 Qb3 28. Qxf6 Qxb2 29. Qd8+ Kf7 30. Qd5+ Kg7 31. Qd4+ Kh6 32. Qe3+ Kg7 33. Qxa7 h5 34. Qd4+ Kh7 35. Qf6 Qb5 36. Qf7+ Kh6 37. f4 Qc6 38. Qf8+ Kh7 39. Qe7+ Kg8 40. Qe5 b5 41. f5 gxf5 42. Qxf5 Qc7+ 43. Kg1 Qxc3 44. Qxb5 Qd4+ 45. Kh2 Qf4+ 46. Kg1 Qe3+ 47. Kf1 Qf4+ 48. Ke2 Qe4+ 49. Kf1 Qf4+ 50. Ke1 Qg3+ 51. Kf1 Qf4+ 52. Kg1 Qe3+ 53. Kh1 Qc1+ 54. Kh2 Qf4+ 55. Kh1 1/2-1/2

[Event "Toronto Richmond Hill"]
[Site "Richmond Hill"]
[Date "2022.05.19"]
[Round "7"]
[White "Oancea, Nicolae"]
[Black "Jaferian, Koosha"]
[Result "0-1"]
[WhiteElo "1868"]
[BlackElo "2211"]
[PlyCount "60"]
[EventDate "2022.05.16"]
[EventType "tourn"]
[EventRounds "9"]
[EventCountry "CAN"]
[EventCategory "1"]
[SourceTitle "CBM 209 Extra"]
[Source "ChessBase"]
[SourceDate "2022.09.30"]
[SourceVersion "1"]
[SourceVersionDate "2022.09.30"]
[SourceQuality "1"]

1. e4 c6 2. d4 d5 3. e5 Bf5 4. h4 h5 5. Bd3 Bxd3 6. Qxd3 e6 7. Bg5 Qb6 8. Nd2 Nh6 9. Ne2 Nf5 10. 0-0 Nd7 11. c4 Be7 12. c5 Qd8 13. Bxe7 Qxe7 14. g3 g5 15. hxg5 Qxg5 16. Nf3 Qg7 17. Kh2 Qg4 18. Nh4 Nxh4 19. gxh4 0-0-0 20. Rg1 Qxh4+ 21. Qh3 Qe4 22. Qe3 Qxe3 23. fxe3 f6 24. Nf4 fxe5 25. Nxe6 Rde8 26. Ng7 Ref8 27. Raf1 Nf6 28. Nf5 Ng4+ 29. Kh3 Kd7 30. Kh4 Rh7 0-1

[Event "Toronto Richmond Hill"]
[Site "Richmond Hill"]
[Date "2022.05.18"]
[Round "5"]
[White "Li, Yunshan"]
[Black "Oancea, Nicolae"]
[Result "1/2-1/2"]
[WhiteElo "2269"]
[BlackElo "1868"]
[PlyCount "103"]
[EventDate "2022.05.16"]
[EventType "tourn"]
[EventRounds "9"]
[EventCountry "CAN"]
[EventCategory "1"]
[SourceTitle "CBM 209 Extra"]
[Source "ChessBase"]
[SourceDate "2022.09.30"]
[SourceVersion "1"]
[SourceVersionDate "2022.09.30"]
[SourceQuality "1"]

1. e4 c5 2. Be2 Nc6 3. d3 e6 4. f4 d5 5. e5 Qc7 6. Nf3 Bd7 7. 0-0 f6 8. c3 Nge7 9. Na3 a6 10. d4 cxd4 11. cxd4 Ng6 12. Nc2 Be7 13. Be3 Qb6 14. b4 0-0 15. a3 a5 16. b5 Na7 17. a4 Nc8 18. Qe1 Qd8 19. Bd2 Be8 20. Bd3 f5 21. Rb1 h6 22. g3 Nh8 23. h3 b6 24. Qe3 Ra7 25. g4 g6 26. gxf5 gxf5 27. Kh2 Kh7 28. Rg1 Ng6 29. Rg2 Rg8 30. Rbg1 Bf8 31. Qe2 Nge7 32. Be1 Rxg2+ 33. Qxg2 Ng6 34. Bh4 Qc7 35. Bf6 Bg7 36. Bxg7 Qxg7 37. Qd2 Qf8 38. Rc1 Nce7 39. Nce1 Bd7 40. Ng2 Qd8 41. Qc3 Ng8 42. Be2 Qe7 43. h4 Ra8 44. h5 Nf8 45. Rg1 Rc8 46. Qe1 Rc7 47. Qg3 Qg7 48. Qe1 Be8 49. Ne3 Qe7 50. Qg3 Qg7 51. Qh4 Qe7 52. Qg3 1/2-1/2

[Event "Toronto Richmond Hill"]
[Site "Richmond Hill"]
[Date "2022.05.16"]
[Round "2"]
[White "Song, Michael"]
[Black "Oancea, Nicolae"]
[Result "1-0"]
[WhiteElo "2409"]
[BlackElo "1868"]
[PlyCount "61"]
[EventDate "2022.05.16"]
[EventType "tourn"]
[EventRounds "9"]
[EventCountry "CAN"]
[EventCategory "1"]
[SourceTitle "CBM 209 Extra"]
[Source "ChessBase"]
[SourceDate "2022.09.30"]
[SourceVersion "1"]
[SourceVersionDate "2022.09.30"]
[SourceQuality "1"]

1. d4 Nf6 2. c4 e5 3. dxe5 Ng4 4. Bf4 Bb4+ 5. Nd2 Nc6 6. e3 Ngxe5 7. a3 Bxd2+ 8. Qxd2 d6 9. Qc3 b6 10. Bg3 Qf6 11. Ne2 Bb7 12. Nf4 0-0-0 13. Rc1 Ng4 14. Be2 Qxc3+ 15. Rxc3 Nf6 16. f3 Kb8 17. 0-0 Ne5 18. Rd1 h5 19. Bh4 Rdg8 20. Bxf6 gxf6 21. Kf2 h4 22. Nd5 Nd7 23. b4 Rg5 24. Bf1 Rd8 25. e4 Rh5 26. Bd3 Bxd5 27. cxd5 Kb7 28. Rdc1 Rc8 29. Bb5 Ne5 30. f4 a6 31. Be2 1-0

[Event "Bucharest Winter Cup"]
[Site "Bucharest"]
[Date "2001.12.16"]
[Round "6"]
[White "Oancea, Nicolae"]
[Black "Sebe Vodislav, Florian George"]
[Result "1/2-1/2"]
[WhiteElo "2158"]
[BlackElo "2278"]
[PlyCount "148"]
[EventDate "2001.12.11"]
[EventType "tourn"]
[EventRounds "11"]
[EventCountry "ROU"]
[EventCategory "2"]
[SourceTitle "CBM 085 Extra"]
[Source "ChessBase"]
[SourceDate "2002.01.21"]
[SourceVersion "1"]
[SourceVersionDate "2002.01.21"]
[SourceQuality "1"]

1. d4 Nf6 2. c4 e6 3. Nf3 b6 4. a3 Ba6 5. Nbd2 c5 6. dxc5 Bxc5 7. e3 0-0 8. b4 Be7 9. Bb2 d6 10. Be2 Nbd7 11. 0-0 Bb7 12. Rc1 Rc8 13. Qc2 Qc7 14. Rfd1 Qb8 15. Qb1 Rfe8 16. Bd3 Qa8 17. Ne1 Bf8 18. Be2 e5 19. Qf5 g6 20. Qg5 Bg7 21. Qg3 Qb8 22. Ba1 e4 23. Nb3 Ne5 24. Nd4 a6 25. h3 Qc7 26. Rc2 Qe7 27. Rdc1 Nfd7 28. Nb3 Rc7 29. Bd4 Rec8 30. Kh1 Qe6 31. Nd2 h5 32. f4 exf3 33. Nexf3 Bxf3 34. Nxf3 Nxf3 35. Qxf3 Ne5 36. Qf1 b5 37. c5 dxc5 38. bxc5 Nc6 39. Bxg7 Kxg7 40. a4 bxa4 41. Bxa6 Rb8 42. Rc3 Nb4 43. Bc4 Qe7 44. Qf4 Rd8 45. Rf1 Rxc5 46. Ra3 Rf5 47. Qg3 Rxf1+ 48. Bxf1 Qf6 49. Be2 Nd5 50. Bxh5 Nb6 51. e4 Rh8 52. Be2 Rh4 53. Bg4 Rh8 54. e5 Qg5 55. Kh2 Re8 56. e6 Re7 57. exf7 Rxf7 58. Qc3+ Qf6 59. Qxf6+ Kxf6 60. Bd1 Ra7 61. g4 Ke5 62. Kg3 Kd4 63. h4 Kc4 64. Bc2 Kb4 65. Ra1 a3 66. Bxg6 Nd5 67. Bf5 Nc3 68. g5 Kb3 69. g6 Kb2 70. Rxa3 Kxa3 71. h5 Nd5 72. h6 Ne7 73. Kf4 Nxg6+ 74. Bxg6 Ra8 1/2-1/2

[Event "Bucharest Winter Cup"]
[Site "Bucharest"]
[Date "2001.12.14"]
[Round "4"]
[White "Bochkarev, Alexander2222"]
[Black "Oancea, Nicolae"]
[Result "1-0"]
[WhiteElo "2361"]
[BlackElo "2158"]
[PlyCount "75"]
[EventDate "2001.12.11"]
[EventType "tourn"]
[EventRounds "11"]
[EventCountry "ROU"]
[EventCategory "2"]
[SourceTitle "CBM 085 Extra"]
[Source "ChessBase"]
[SourceDate "2002.01.21"]
[SourceVersion "1"]
[SourceVersionDate "2002.01.21"]
[SourceQuality "1"]

1. c4 Nf6 2. Nc3 g6 3. d4 d5 4. Bg5 c6 5. e3 Bg7 6. Nf3 e6 7. Rc1 0-0 8. h4 h6 9. Bf4 Nbd7 10. cxd5 exd5 11. Bd3 Re8 12. Bb1 Nh5 13. Bh2 f5 14. Ne2 Ndf6 15. Ne5 Kh7 16. Nf4 Nxf4 17. Bxf4 Nh5 18. Nxg6 Nxf4 19. Nxf4 Qb6 20. Qh5 Re7 21. 0-0 Bd7 22. Rc3 Rf8 23. Ng6 Qd8 24. g4 Rf6 25. Nxe7 Qxe7 26. g5 Rg6 27. Kh2 Bf8 28. Rg1 Qg7 29. Rcc1 Bd6+ 30. f4 Be7 31. Rg3 Qf8 32. Rcg1 Be8 33. Qf3 hxg5 34. fxg5 Bd6 35. Bxf5 Kg8 36. Rf1 Bxg3+ 37. Qxg3 Rd6 38. Qe5 1-0